JR四国 行先クイズ - Statistics

General Stats
  • This quiz has been taken 22 times
  • The average score is 40 of 47
Answer Stats
路線名 回答 % Correct
予讃線 高松
100%
多度津
100%
松山
100%
宇和島
100%
高徳線 高松
100%
徳島
100%
鳴門線 鳴門
100%
徳島線 徳島
100%
牟岐線 徳島
100%
土讃線 多度津
100%
琴平
100%
高知
100%
予土線 宇和島
100%
奈半利
100%
新居浜
94%
阿波池田
94%
牟岐
94%
阿波池田
94%
大歩危
94%
土佐くろしお中村・宿毛線 中村
94%
宿毛
94%
JR西日本 岡山
94%
JR東日本 東京
94%
今治
89%
伊予市
89%
八幡浜
89%
窪川
89%
観音寺
83%
伊予西条
83%
伊予大洲
83%
引田
83%
阿南
83%
オレンジタウン
78%
三本松
78%
池谷
78%
池谷
78%
阿波海南
78%
土佐山田
78%
穴吹
72%
須崎
72%
板野
67%
江川崎
67%
伊野
61%
土佐くろしおごめん・なはり線 安芸
61%
阿波川島
56%
桑野
50%
近永
44%
No matching quizzes found
Score Distribution
Percent of People with Each Score
Percentile by Number Answered
Your Score History
You have not taken this quiz